[Event "English Open 2025"]
[Site "Kenilworth ENG"]
[Date "2025.07.18"]
[Round "2.5"]
[White "Khoury, Theo"]
[Black "Clarke, Brandon G I"]
[Result "1/2-1/2"]
[WhiteTitle "CM"]
[BlackTitle "IM"]
[WhiteElo "2229"]
[BlackElo "2500"]
[WhiteFideId "480703"]
[BlackFideId "400319"]
[EventDate "2025.07.18"]

1. e4 c5 2. Nf3 Nc6 3. d4 cxd4 4. Nxd4 g6 5. c4 Bg7 6. Be3 d6 7. Nc3 Qb6 8. Ndb5
Bxc3+ 9. Nxc3 Qxb2 10. Nb5 Nf6 11. Nc7+ Kd8 12. Nxa8 Nxe4 13. Bd3 Qc3+ 14. Kf1
Bf5 15. Rc1 Nxf2 16. Kxf2 Qxd3 17. Qxd3 Bxd3 18. Rc3 Be4 19. Rb3 Kc8 20. Re1 f5
21. Bxa7 Nxa7 22. Nb6+ Kb8 23. Nd5 Rc8 24. Nxe7 Rxc4 25. Rh3 Rc7 26. Rxh7 Nc8
27. Nxc8 Rxh7 28. Nxd6 Bc6 29. h3 Rd7 30. Nc4 g5 31. Re8+ Kc7 32. Re2 Rd5 33.
Ne5 Ra5 34. Nxc6 bxc6 35. g3 Kd6 36. h4 gxh4 37. gxh4 Ra4 38. Kg3 Rg4+ 39. Kh3
c5 40. h5 c4 41. a4 Rg1 42. Kh4 Rg4+ 43. Kh3 Kd5 44. a5 Rg5 45. Kh4 Rg4+ 46. Kh3
c3 47. Ra2 Rg5 48. Kh4 Rg4+ 49. Kh3 Kc4 50. Rf2 Rg5 51. Kh4 Rg4+ 52. Kh3 Rd4 53.
a6 Rd7 54. Kh4 Kb3 55. Kg5 f4 56. Kxf4 c2 57. Rxc2 Kxc2 58. h6 Kd3 59. Kf5 Ra7
60. Kg6 Ke4 61. h7 Rxa6+ 62. Kg7 Ra7+ 63. Kg8 Kf5 64. h8=Q Ra8+ 65. Kh7 Rxh8+
66. Kxh8 Ke5 1/2-1/2

[Event "English Open 2025"]
[Site "Kenilworth ENG"]
[Date "2025.07.18"]
[Round "2.6"]
[White "Verma, Aditya"]
[Black "Wadsworth, Matthew J"]
[Result "0-1"]
[BlackTitle "IM"]
[WhiteElo "2092"]
[BlackElo "2476"]
[WhiteFideId "426202"]
[BlackFideId "415804"]
[EventDate "2025.07.18"]

1. e4 e6 2. d4 d5 3. Nd2 c5 4. exd5 Qxd5 5. Ngf3 cxd4 6. Bc4 Qd6 7. O-O Nf6 8.
Nb3 Nc6 9. Nbxd4 Nxd4 10. Nxd4 Be7 11. c3 O-O 12. h3 Qc7 13. Qe2 Bd7 14. Bg5
Rfd8 15. Rfe1 Rac8 16. Bd3 Nd5 17. Bxe7 Nxe7 18. Rad1 Nd5 19. Qe4 Nf6 20. Qe5
Qxe5 21. Rxe5 Be8 22. Rde1 a6 23. f4 g6 24. Kf2 Nd5 25. g3 b5 26. Be4 Nb6 27.
Bb7 Rb8 28. Bf3 b4 29. Nb3 Na4 30. cxb4 Nxb2 31. Be2 Rxb4 32. Bxa6 Ra4 33. Ra5
Rxa5 34. Nxa5 Ra8 0-1

[Event "English Open 2025"]
[Site "Kenilworth ENG"]
[Date "2025.07.18"]
[Round "2.7"]
[White "Roberson, Peter T"]
[Black "Vaidyanathan, Adithya"]
[Result "1-0"]
[WhiteTitle "IM"]
[WhiteElo "2433"]
[BlackElo "2094"]
[WhiteFideId "412384"]
[BlackFideId "495450"]
[EventDate "2025.07.18"]

1. e4 c5 2. Nf3 Nc6 3. Bb5 g6 4. Bxc6 dxc6 5. O-O Bg7 6. d3 Nf6 7. Re1 O-O 8. h3
Ne8 9. e5 Nc7 10. a4 a5 11. Nbd2 Ne6 12. b3 b6 13. Bb2 h6 14. Nc4 Rb8 15. Re4 g5
16. Qd2 Nf4 17. h4 Bf5 18. hxg5 hxg5 19. Ree1 f6 20. Ne3 Be6 21. g3 Nd5 22. c4
Nb4 23. Rad1 Rb7 24. Qe2 Rd7 25. d4 g4 26. Nh4 cxd4 27. Nef5 c5 28. Qxg4 Bxf5
29. Nxf5 e6 30. Nxg7 Rxg7 31. Qxe6+ Rff7 32. Bc1 Rh7 33. exf6 Qxf6 34. Bf4 d3
35. Qc8+ Rf8 36. Re8 Rf7 37. Rxf8+ Rxf8 38. Qg4+ Qg7 39. Qxg7+ Kxg7 40. Bc7 Rf7
41. Bxb6 Rd7 42. Bxa5 Nc2 43. Kg2 Kg6 44. Bb6 Nb4 45. Bxc5 Na2 46. Be3 Nc3 47.
Rc1 Ne2 48. Ra1 Nc3 49. a5 d2 50. Bxd2 Rxd2 51. a6 Rd8 52. b4 Ne4 53. b5 Nd6 54.
a7 1-0

[Event "English Open 2025"]
[Site "Kenilworth ENG"]
[Date "2025.07.18"]
[Round "2.8"]
[White "Elgar, Tim"]
[Black "Willow, Jonah B"]
[Result "0-1"]
[BlackTitle "IM"]
[WhiteElo "2093"]
[BlackElo "2457"]
[WhiteFideId "343413285"]
[BlackFideId "438804"]
[EventDate "2025.07.18"]

1. Nf3 d6 2. d4 Nf6 3. g3 g6 4. b3 Bg7 5. Bb2 b5 6. e4 O-O 7. Nbd2 Bb7 8. Qe2 b4
9. Bg2 a5 10. a4 Nbd7 11. e5 dxe5 12. dxe5 Nd5 13. O-O Ba6 14. Nc4 N7b6 15. Nd4
Qe8 16. Rfe1 c6 17. Rad1 Rc8 18. Qe4 Bxc4 19. bxc4 Nxc4 20. Ba1 Ncb6 21. c4 Nxc4
22. Nxc6 Qxc6 23. Rxd5 Qxa4 24. Bh3 e6 25. Rd3 b3 26. Rd4 Qc6 27. Bg2 Qxe4 28.
Bxe4 b2 29. Bb7 bxa1=Q 30. Rxa1 0-1

[Event "English Open 2025"]
[Site "Kenilworth ENG"]
[Date "2025.07.18"]
[Round "2.9"]
[White "Harvey, Marcus R"]
[Black "Zhao, George"]
[Result "1-0"]
[WhiteTitle "IM"]
[BlackTitle "CM"]
[WhiteElo "2445"]
[BlackElo "2124"]
[WhiteFideId "400092"]
[BlackFideId "494607"]
[EventDate "2025.07.18"]

1. b3 e6 2. Bb2 d5 3. g3 Nf6 4. Bg2 Be7 5. Nf3 O-O 6. c4 c5 7. cxd5 Nxd5 8. Nc3
Nxc3 9. Bxc3 Nc6 10. Qc1 Bf6 11. O-O Nd4 12. Re1 Bd7 13. e3 Nxf3+ 14. Bxf3 Bxc3
15. Qxc3 Qb6 16. d4 cxd4 17. Qxd4 Qxd4 18. exd4 Bc6 19. Bxc6 bxc6 20. Rac1 Rac8
21. Re5 Rfd8 22. Rc4 Kf8 23. Ra5 Rc7 24. Kf1 Ke7 25. Ke2 Rd6 26. Kd3 Rd5 27. Ra6
c5 28. Ra5 Rxd4+ 29. Rxd4 cxd4 30. Kxd4 Kd8 31. Rc5 Rd7+ 32. Kc3 Rd1 33. a4 f5
34. Kb4 Rd2 35. Ra5 Rxf2 36. Rxa7 g5 37. Rxh7 f4 38. gxf4 gxf4 39. Kc5 Rd2 40.
Rf7 e5 41. a5 Kc8 42. h4 Rh2 43. a6 Ra2 44. a7 f3 45. Rxf3 e4 46. Rf8+ Kb7 47.
a8=Q+ 1-0

[Event "English Open 2025"]
[Site "Kenilworth ENG"]
[Date "2025.07.18"]
[Round "2.10"]
[White "Manley, Jon P"]
[Black "Badacsonyi, Stanley"]
[Result "0-1"]
[BlackTitle "FM"]
[WhiteElo "2096"]
[BlackElo "2318"]
[WhiteFideId "403296"]
[BlackFideId "486973"]
[EventDate "2025.07.18"]

1. e4 e6 2. d4 d5 3. Nc3 Nf6 4. Bg5 dxe4 5. Nxe4 Be7 6. Bxf6 gxf6 7. Nc3 a6 8.
g3 c5 9. Nf3 cxd4 10. Qxd4 Nc6 11. Qe3 Nb4 12. Qe2 Qa5 13. Bg2 Nd5 14. O-O Nxc3
15. bxc3 Qxc3 16. Rab1 Qc7 17. c4 Bd7 18. Nd4 Rb8 19. Rfe1 h5 20. Rb3 Bc5 21.
Qe4 h4 22. Qg4 hxg3 23. hxg3 Kf8 24. Qe4 f5 25. Qd3 Qd6 26. Nxf5 Qxd3 27. Rxd3
Ba4 28. Nd4 Kg7 29. Nb3 Be7 30. c5 Rhc8 31. Rb1 b6 32. cxb6 Rxb6 33. Rd4 Be8 34.
Rbd1 Rc2 35. R4d2 Rxd2 36. Rxd2 f5 37. Bf3 e5 38. Bd5 Bb4 39. Rc2 a5 40. Nc5 Rd6
41. Ne6+ Kf6 42. Nc7 Bd7 43. f3 a4 44. Kg2 Ba5 45. Bb7 Bxc7 46. Rxc7 Rd2+ 47.
Kg1 Be8 48. Rc8 Ke7 49. Bc6 Bh5 50. Ra8 Rc2 51. Bxa4 Rc3 52. g4 fxg4 53. fxg4
Bxg4 54. Bb3 Kf6 55. Rf8+ Kg5 56. Kf2 Bf5 57. Rf7 e4 58. Rg7+ Kf4 59. Rf7 Ke5
60. Rg7 Kf4 61. Rf7 e3+ 62. Ke2 Ke4 63. Rg7 Bc8 64. Rg6 Bd7 65. Rg5 Kf4 66. Rd5
Bg4+ 67. Ke1 Rc1+ 68. Bd1 e2 0-1

[Event "English Open 2025"]
[Site "Kenilworth ENG"]
[Date "2025.07.18"]
[Round "2.11"]
[White "Jackson, James P"]
[Black "Saunders, Aron"]
[Result "0-1"]
[WhiteTitle "IM"]
[WhiteElo "2371"]
[BlackElo "2135"]
[WhiteFideId "416860"]
[BlackFideId "469343"]
[EventDate "2025.07.18"]

1. e4 c6 2. d4 d5 3. Nc3 dxe4 4. Nxe4 Bf5 5. Ng3 Bg6 6. h4 h6 7. Be3 e6 8. Bd3
Bxd3 9. Qxd3 Qa5+ 10. Bd2 Qc7 11. O-O-O Nf6 12. c4 Nbd7 13. Kb1 Be7 14. N1e2 O-O
15. Ne4 b5 16. Nxf6+ Nxf6 17. c5 e5 18. Ng3 exd4 19. Nf5 Bxc5 20. Nxh6+ gxh6 21.
Qf5 Nd5 22. Bxh6 f6 23. Rh3 Kh8 24. Bxf8 Rxf8 25. Qh5+ Qh7+ 26. Qxh7+ Kxh7 27.
Rc1 Bb6 28. Rxc6 Re8 29. a3 Re1+ 30. Rc1 Re4 31. Rb3 Re5 32. Rf3 Kg7 33. Rh1 f5
34. Rc1 Nf6 35. Rc6 Ne4 36. h5 Nd2+ 0-1

[Event "English Open 2025"]
[Site "Kenilworth ENG"]
[Date "2025.07.18"]
[Round "2.12"]
[White "Mesropyan, Hayk"]
[Black "Emms, John M"]
[Result "1/2-1/2"]
[BlackTitle "GM"]
[WhiteElo "1892"]
[BlackElo "2417"]
[WhiteFideId "499455"]
[BlackFideId "400254"]
[EventDate "2025.07.18"]

1. e4 e5 2. Nf3 Nc6 3. Bb5 a6 4. Ba4 Nf6 5. O-O Be7 6. Re1 b5 7. Bb3 O-O 8. c3
d6 9. d3 Na5 10. Bc2 c5 11. Nbd2 Nc6 12. Nf1 h6 13. Ng3 Be6 14. h3 Re8 15. d4
cxd4 16. cxd4 exd4 17. Nxd4 Nxd4 18. Qxd4 Rc8 19. Bb3 d5 20. e5 Nd7 21. Be3 Bc5
22. Qf4 g5 23. Qf3 Nxe5 24. Qh5 Qf6 25. Rad1 Bxe3 26. Rxe3 Nc4 27. Bxc4 bxc4 28.
Ne2 Rb8 29. b3 cxb3 30. axb3 Rb4 31. Rxd5 Rh4 32. Qf3 Qxf3 33. gxf3 Rb8 34. Rd6
Bxh3 35. f4 Be6 36. fxg5 Rg4+ 37. Kh2 hxg5 38. Rxa6 Kg7 39. Ng3 Rgb4 40. Ne4
Rh8+ 41. Kg2 Bd5 42. f3 Bxe4 43. fxe4 Rhb8 44. Ra3 R8b5 45. e5 Rb6 46. Rf3 g4
47. Rg3 Kg6 48. Ra7 Re4 49. Rd7 Rbb4 50. Rd6+ Kg5 51. Rd7 Re2+ 52. Kf1 Rxe5 53.
Rxf7 Rbe4 54. Kg2 Re2+ 55. Rf2 Rxf2+ 56. Kxf2 Rc5 57. Re3 Kh4 58. Re8 Rc2+ 59.
Kg1 Rb2 60. Re3 Rc2 61. Rd3 Rb2 62. Rc3 g3 63. Rc8 Rxb3 64. Rh8+ Kg4 65. Rg8+
Kf5 66. Kg2 Kf6 67. Rxg3 Rxg3+ 68. Kxg3 1/2-1/2

[Event "English Open 2025"]
[Site "Kenilworth ENG"]
[Date "2025.07.18"]
[Round "2.13"]
[White "Hebden, Mark L"]
[Black "Larkin, Benjamin"]
[Result "1/2-1/2"]
[WhiteTitle "GM"]
[WhiteElo "2355"]
[BlackElo "2029"]
[WhiteFideId "400084"]
[BlackFideId "479977"]
[EventDate "2025.07.18"]

1. d4 d5 2. c4 dxc4 3. Nf3 a6 4. e3 e6 5. Bxc4 Nf6 6. O-O c5 7. Bb3 cxd4 8. exd4
Nc6 9. Nc3 Be7 10. Re1 O-O 11. Bf4 Qa5 12. Qe2 Rd8 13. Rad1 Nb4 14. Ne5 Nbd5 15.
Bd2 Qb6 16. Qf3 Nxc3 17. bxc3 Bd7 18. Rb1 Qc7 19. Bg5 Rac8 20. c4 b5 21. cxb5
Bxb5 22. Nxf7 Kxf7 23. Bxe6+ Kf8 24. Bxc8 Qxc8 25. h3 Qd7 26. Rbd1 Qd5 27. Qe3
Re8 28. Qd2 Bc6 29. f3 h6 30. Bf4 Kg8 31. Re5 Qd8 32. d5 Bc5+ 33. Kh1 Rxe5 34.
Bxe5 Ba4 35. Rc1 Bd6 36. Bxd6 Qxd6 37. Rc4 Bb5 38. Rd4 Be8 39. Qb4 Qxb4 40. Rxb4
Nxd5 41. Rb7 Nc3 42. a3 Nb5 43. a4 Nc3 44. a5 Na4 45. Rc7 Nb2 46. Rc2 Nd3 47.
Rc8 Kf7 48. Rc7+ Kf8 49. h4 Bb5 50. Kg1 Nb4 51. g4 Nc6 52. f4 Nxa5 53. f5 Nc4
54. Kf2 Nd6 55. Kg3 h5 56. Ra7 hxg4 57. Kxg4 Bd3 58. Kf4 Nxf5 59. h5 Nh6 60. Ke5
Kg8 61. Kf4 Kh7 62. Kg5 Bc4 63. Rc7 Bb3 64. Rb7 Ba4 65. Ra7 Bb5 66. Rb7 Ng8 67.
Ra7 Nh6 1/2-1/2

[Event "English Open 2025"]
[Site "Kenilworth ENG"]
[Date "2025.07.18"]
[Round "2.14"]
[White "Gibson, Christopher A"]
[Black "Merry, Alan B"]
[Result "0-1"]
[BlackTitle "IM"]
[WhiteElo "1837"]
[BlackElo "2400"]
[WhiteFideId "414697"]
[BlackFideId "418811"]
[EventDate "2025.07.18"]

1. e4 c6 2. d4 d5 3. exd5 cxd5 4. c4 Nf6 5. Nc3 g6 6. Qb3 Bg7 7. cxd5 O-O 8. Be2
Nbd7 9. Bf3 Nb6 10. Nge2 Bg4 11. Bxg4 Nxg4 12. a4 Qc7 13. a5 Qc4 14. Ra3 Qxb3
15. Rxb3 Nc4 16. Rxb7 Rfb8 17. Rxe7 Bf8 18. Rc7 Nxa5 19. Bf4 Rxb2 20. O-O Nf6
21. Ra1 Nb7 22. d6 Ne8 23. Rd7 Nexd6 24. Be5 Nc4 25. Bf6 a5 26. Nf4 a4 27. Nfd5
Bg7 28. Nc7 Ra5 29. N3d5 Nb6 30. Re1 Nxd5 31. Nxd5 Rxd5 32. Rxd5 Bxf6 33. g3 a3
34. Kg2 a2 35. Re8+ Kg7 36. Ra8 Rd2 37. h4 Bxd4 38. Rxd4 Rxd4 39. Rxa2 Nd6 40.
Rb2 Ne4 41. Ra2 Rd2 0-1

[Event "English Open 2025"]
[Site "Kenilworth ENG"]
[Date "2025.07.18"]
[Round "2.15"]
[White "Richardson, John R"]
[Black "Burrows, Martin P"]
[Result "1/2-1/2"]
[WhiteTitle "FM"]
[WhiteElo "2270"]
[BlackElo "2057"]
[WhiteFideId "401617"]
[BlackFideId "409057"]
[EventDate "2025.07.18"]

1. d4 Nf6 2. c4 e6 3. Nf3 d5 4. Nc3 Bb4 5. Bg5 h6 6. Bxf6 Qxf6 7. cxd5 exd5 8.
Qb3 Bxc3+ 9. Qxc3 c6 10. e3 Bf5 11. b4 Nd7 12. Be2 O-O 13. O-O Rfe8 14. Rfc1 g5
15. a4 g4 16. Nd2 h5 17. Nf1 h4 18. b5 Re6 19. bxc6 bxc6 20. Qa5 Nb6 21. Qa6 Kg7
22. a5 Nc4 23. Bxc4 dxc4 24. Qxc4 Be4 25. d5 cxd5 26. Qc3 Rb8 27. Qxf6+ Kxf6 28.
Ra2 Rb5 29. Nd2 Bf5 30. h3 gxh3 31. gxh3 Bxh3 32. Nf3 Ra6 33. Rca1 Rb4 34. Nd4
Bd7 35. f4 Ke7 36. f5 Rh6 37. Kh2 Kd6 38. Rg1 Rb8 39. Rc2 Rhh8 40. Rg7 f6 41.
Rg6 Ke5 42. Rg7 Kd6 43. Rg6 Ke5 1/2-1/2

[Event "English Open 2025"]
[Site "Kenilworth ENG"]
[Date "2025.07.18"]
[Round "2.16"]
[White "Shearsby, Jude"]
[Black "De Coverly, Roger D"]
[Result "1-0"]
[WhiteTitle "CM"]
[WhiteElo "2224"]
[BlackElo "1956"]
[WhiteFideId "462527"]
[BlackFideId "405213"]
[EventDate "2025.07.18"]

1. d4 Nf6 2. Nc3 d6 3. e4 e5 4. Nf3 exd4 5. Nxd4 g6 6. Bg5 Bg7 7. Qd2 h6 8. Bh4
O-O 9. Qd3 a6 10. O-O-O Qe8 11. f4 Nbd7 12. Re1 Nc5 13. Qf3 Bg4 14. Qg3 Bd7 15.
e5 Nh5 16. Qf3 Ne6 17. Nxe6 fxe6 18. Qxb7 Nxf4 19. Bf6 Bxf6 20. exf6 Rxf6 21.
Qxc7 e5 22. Ne4 Rf8 23. Qxd6 Qf7 24. g3 Nh5 25. Bg2 Qxa2 26. Qxg6+ Ng7 27. Nc3
Qa1+ 28. Kd2 Rf2+ 29. Ke3 Qxb2 30. Bd5+ Kh8 31. Qxh6# 1-0

[Event "English Open 2025"]
[Site "Kenilworth ENG"]
[Date "2025.07.18"]
[Round "2.17"]
[White "Jones, Steven A"]
[Black "Watson, Jacob"]
[Result "1/2-1/2"]
[WhiteElo "2184"]
[BlackElo "1918"]
[WhiteFideId "419630"]
[BlackFideId "445037"]
[EventDate "2025.07.18"]

1. e4 Nc6 2. Nf3 d6 3. d4 Nf6 4. Nc3 Bg4 5. d5 Ne5 6. Bb5+ Bd7 7. Nxe5 dxe5 8.
Qe2 a6 9. Bxd7+ Qxd7 10. Be3 e6 11. O-O-O Bd6 12. Bg5 O-O-O 13. dxe6 Qxe6 14.
Nd5 Kb8 15. Kb1 Be7 16. Nxe7 Qxe7 17. Qc4 Rxd1+ 18. Rxd1 Rd8 19. Rxd8+ Qxd8 20.
Qxf7 Qd1+ 21. Bc1 Nxe4 22. b3 Nc3+ 23. Kb2 Qd4 24. Qf8+ Ka7 25. Be3 1/2-1/2

[Event "English Open 2025"]
[Site "Kenilworth ENG"]
[Date "2025.07.18"]
[Round "2.18"]
[White "Patel, Keatan"]
[Black "Bates, Richard A"]
[Result "1/2-1/2"]
[BlackTitle "IM"]
[WhiteElo "1990"]
[BlackElo "2292"]
[WhiteFideId "477613"]
[BlackFideId "403555"]
[EventDate "2025.07.18"]

1. e4 c5 2. Nf3 d6 3. Bb5+ Nd7 4. c3 Nf6 5. Qe2 a6 6. Ba4 Qc7 7. O-O b5 8. Bc2
e6 9. d4 Be7 10. Re1 cxd4 11. cxd4 Bb7 12. Bd3 O-O 13. Nbd2 Rfe8 14. Nf1 Nf8 15.
Ng3 Ng6 16. a4 bxa4 17. Rxa4 a5 18. Bd2 e5 19. Rea1 Nf4 20. Bxf4 exf4 21. Nf5
Bf8 22. Qd2 Bxe4 23. Bxe4 Nxe4 24. Qxf4 Qc2 25. Ng5 Nxg5 26. Qxg5 g6 27. Ne3
Qxb2 28. Qd5 Qd2 29. g3 Bg7 30. Rxa5 Rxa5 31. Qxa5 Qxa5 32. Rxa5 Bxd4 33. Rd5
Bxe3 34. fxe3 Re6 35. Kf2 Kf8 36. e4 Ke7 37. Kf3 Re5 38. Rd2 Ke6 39. h4 Ra5 40.
Kf4 Ra3 41. Rb2 h6 42. Rb5 Rc3 43. Rb8 f6 44. Re8+ Kf7 45. Rd8 Rd3 46. Rh8 g5+
47. Kf5 Rf3+ 48. Kg4 Re3 49. Rxh6 Rxe4+ 50. Kf3 Re6 51. h5 f5 52. Rh7+ Kf6 53.
g4 fxg4+ 54. Kxg4 Re4+ 55. Kf3 Rh4 56. h6 Kg6 57. Rd7 Kxh6 58. Rxd6+ Kh5 59. Kg3
Rb4 60. Rd3 Rg4+ 61. Kh3 Rg1 62. Kh2 Re1 1/2-1/2

[Event "English Open 2025"]
[Site "Kenilworth ENG"]
[Date "2025.07.18"]
[Round "2.19"]
[White "Pick, Freddie"]
[Black "Merriman, John"]
[Result "0-1"]
[BlackTitle "FM"]
[WhiteElo "1934"]
[BlackElo "2194"]
[WhiteFideId "343454097"]
[BlackFideId "402362"]
[EventDate "2025.07.18"]

1. e4 e6 2. d4 d5 3. Nd2 Nc6 4. Ngf3 Nf6 5. e5 Nd7 6. Nb3 Be7 7. c3 a5 8. a4 b6
9. Bb5 Na7 10. Be2 c5 11. O-O Nc6 12. Bf4 O-O 13. Bg3 Ba6 14. Bxa6 Rxa6 15. Qe2
Ra8 16. Nfd2 Re8 17. Rac1 Qc8 18. Nb1 Qb7 19. Na3 c4 20. Na1 Na7 21. Nb5 Nxb5
22. axb5 a4 23. Nc2 Ra5 24. Ra1 Rea8 25. Na3 Bxa3 26. Rxa3 Rxb5 27. f4 Nf8 28.
Rfa1 Rba5 29. Be1 Qd7 30. Qg4 b5 31. Rd1 Rb8 32. Rd2 Ra6 33. Re2 Ng6 34. Qf3 Ne7
35. g4 Nc6 36. f5 b4 37. Ra1 bxc3 38. Bxc3 Rb3 39. Re3 a3 40. bxa3 Raxa3 41.
Rxa3 Rxa3 42. Qf4 Qb7 43. f6 Qb1+ 44. Re1 Qg6 45. Re3 Rb3 46. h3 Rb1+ 47. Be1
Rd1 48. Ra3 Rxe1+ 49. Kf2 Rb1 50. Qc1 Rb8 0-1

[Event "English Open 2025"]
[Site "Kenilworth ENG"]
[Date "2025.07.18"]
[Round "2.20"]
[White "Rughani, Mahin"]
[Black "Carroll, Thomas"]
[Result "0-1"]
[WhiteElo "1854"]
[BlackElo "2124"]
[WhiteFideId "343417060"]
[BlackFideId "450111"]
[EventDate "2025.07.18"]

1. d4 Nf6 2. c4 e6 3. Nf3 c5 4. d5 exd5 5. cxd5 d6 6. Nc3 g6 7. Nd2 Nbd7 8. e4
Bg7 9. Be2 O-O 10. O-O Re8 11. Qc2 Ne5 12. h3 g5 13. f4 gxf4 14. Rxf4 a6 15. a4
Rb8 16. a5 b5 17. axb6 Rxb6 18. Nc4 Nxc4 19. Bxc4 Nh5 20. Rf3 Bd4+ 21. Be3 Be5
22. Qf2 f6 23. Rf1 Ng7 24. g4 Rf8 25. Bd3 Rb7 26. Bxa6 Rbf7 27. Bd3 Qb6 28. Kh1
Bd7 29. Rb1 Rb8 30. g5 Rbf8 31. Rf1 Be8 32. Qg2 fxg5 33. Rxf7 Rxf7 34. Rxf7 Bxf7
35. Bxg5 Bg6 36. Bc1 Nh5 37. Qg4 Nf6 38. Qg2 Kf7 39. Bg5 c4 40. Bxf6 Bxf6 41.
Bxc4 Qe3 42. Qe2 Qxh3+ 43. Qh2 Qf3+ 44. Qg2 Qe3 45. Qe2 Qc1+ 46. Kg2 Qg5+ 47.
Kf1 Bd4 48. Qf3+ Kg7 49. Ne2 Be5 50. b3 Qh4 51. Bd3 Qg5 52. Bc4 h5 53. b4 Qd2
54. b5 h4 55. b6 Qd1+ 56. Kg2 Qb1 57. Bd3 Qxb6 58. Qg4 Qe3 59. Qf3 h3+ 60. Qxh3
Bxe4+ 61. Bxe4 Qxe2+ 62. Kg1 Bd4+ 63. Kh1 Qe1+ 64. Kg2 Qf2+ 65. Kh1 Qg1# 0-1

[Event "English Open 2025"]
[Site "Kenilworth ENG"]
[Date "2025.07.18"]
[Round "2.21"]
[White "Merriman, James"]
[Black "Salmons, Calum"]
[Result "1-0"]
[WhiteElo "2048"]
[BlackElo "2085"]
[WhiteFideId "452270"]
[BlackFideId "437280"]
[EventDate "2025.07.18"]

1. d4 d5 2. c4 c6 3. Nc3 Nf6 4. e3 e6 5. Nf3 Nbd7 6. Qc2 Be7 7. b3 b6 8. Be2 Bb7
9. O-O c5 10. cxd5 Nxd5 11. Nxd5 Bxd5 12. dxc5 Bxc5 13. e4 Bb7 14. Rd1 Qc7 15.
Bb5 O-O-O 16. Bb2 Kb8 17. Bxd7 Rxd7 18. Be5 Bd6 19. Qxc7+ Kxc7 20. Rac1+ Bc6 21.
Rxd6 Rxd6 22. Nd4 Kd7 23. Bxd6 Kxd6 24. Rxc6+ Kd7 25. Rc1 1-0

[Event "English Open 2025"]
[Site "Kenilworth ENG"]
[Date "2025.07.18"]
[Round "2.22"]
[White "Bevis, Noah"]
[Black "Verma, Shlok"]
[Result "1-0"]
[WhiteElo "1934"]
[BlackElo "2169"]
[WhiteFideId "343434630"]
[BlackFideId "441228"]
[EventDate "2025.07.18"]

1. d4 d5 2. Bf4 Nf6 3. e3 e6 4. Nf3 Bd6 5. Bg3 O-O 6. Nbd2 c5 7. c3 Qc7 8. Bd3
Nbd7 9. O-O b6 10. e4 Bxg3 11. hxg3 dxe4 12. Nxe4 Bb7 13. Qe2 Nxe4 14. Bxe4 Bxe4
15. Qxe4 Nf6 16. Qh4 Rfd8 17. Rad1 cxd4 18. Rxd4 Rxd4 19. Qxd4 Rd8 20. Qa4 Qd7
21. Qa6 Ne4 22. a4 Nc5 23. Qe2 Nxa4 24. Ra1 b5 25. Ne5 Qb7 26. c4 a6 27. b3 Nc5
28. Qe3 Rc8 29. Rd1 Qb8 30. b4 Na4 31. c5 a5 32. bxa5 Nxc5 33. Rc1 Na6 34. Nc6
Rxc6 35. Rxc6 Nb4 36. Rb6 Qd8 37. Rxb5 Nc2 38. Qb6 1-0

[Event "English Open 2025"]
[Site "Kenilworth ENG"]
[Date "2025.07.18"]
[Round "2.23"]
[White "Villiers, Thomas"]
[Black "Rastogi, Nayan Keats"]
[Result "0-1"]
[WhiteTitle "CM"]
[WhiteElo "2158"]
[BlackElo "1891"]
[WhiteFideId "427209"]
[BlackFideId "343407579"]
[EventDate "2025.07.18"]

1. e4 c5 2. Nf3 d6 3. d4 cxd4 4. Nxd4 Nf6 5. Nc3 a6 6. h3 e5 7. Nb3 Be6 8. f4
exf4 9. Bxf4 Nc6 10. Be2 Be7 11. Qd2 Ne5 12. Nd4 O-O 13. O-O-O Qc7 14. g4 b5 15.
Nf5 b4 16. Nd5 Nxd5 17. exd5 Bxf5 18. gxf5 Bf6 19. Rhg1 Qd7 20. Bd3 Nf3 21. Bh6
Nxd2 22. Bxg7 Bxg7 23. f6 Qxh3 24. Rxd2 Rfe8 25. Rxg7+ Kh8 26. b3 Qh6 27. Rxh7+
Qxh7 28. Bxh7 Kxh7 29. Rd4 a5 30. Kd2 Kg6 31. a3 bxa3 32. Ra4 Kxf6 33. Rxa3 Ke5
34. c4 Kd4 35. Ra1 a4 36. bxa4 Kxc4 37. Rf1 Kxd5 38. Rxf7 Rxa4 39. Kc2 Rd4 40.
Kb2 Rd3 41. Rf4 Re2+ 42. Kc1 Rh3 43. Rf1 Rhh2 44. Rd1+ Ke6 45. Kb1 Rb2+ 46. Ka1
Ra2+ 47. Kb1 Rhb2+ 48. Kc1 Ra1+ 0-1

[Event "English Open 2025"]
[Site "Kenilworth ENG"]
[Date "2025.07.18"]
[Round "2.24"]
[White "Cont, Arya"]
[Black "Hertog, Alexander"]
[Result "1-0"]
[WhiteElo "2090"]
[BlackElo "1950"]
[WhiteFideId "26100363"]
[BlackFideId "488453"]
[EventDate "2025.07.18"]

1. Nf3 Nf6 2. g3 b6 3. Bg2 Bb7 4. d4 e6 5. O-O Be7 6. Nbd2 O-O 7. Re1 Ne4 8. Ne5
f5 9. c4 Bf6 10. Qc2 d6 11. Nxe4 fxe4 12. Bxe4 Bxe4 13. Qxe4 d5 14. Qg4 Qe7 15.
cxd5 exd5 16. Nd3 Qe4 17. Nf4 Bxd4 18. Rd1 c6 19. Qe6+ Qxe6 20. Nxe6 Bxf2+ 21.
Kg2 Rf7 22. Bf4 Bc5 23. Nc7 g5 24. Nxa8 gxf4 25. gxf4 Na6 26. e4 Rf8 27. exd5
cxd5 28. Rxd5 Rxa8 29. Rd7 Bf8 30. Rad1 Nc5 31. Rd8 Rxd8 32. Rxd8 Ne6 33. Rd7 a5
34. Kf3 Nc5 35. Rc7 a4 36. Rc6 Nd7 37. Ke4 b5 38. Kd5 b4 39. Ra6 a3 40. bxa3
bxa3 41. f5 Kh8 42. f6 Kg8 43. h3 h6 44. h4 Kh8 45. Rc6 Kg8 46. Ke6 Nc5+ 47. Kf5
Nd3 48. Rc3 Ne1 49. Ke6 1-0

[Event "English Open 2025"]
[Site "Kenilworth ENG"]
[Date "2025.07.18"]
[Round "2.25"]
[White "Kendall, Arthur"]
[Black "Fellowes, Billy"]
[Result "0-1"]
[BlackTitle "CM"]
[WhiteElo "1883"]
[BlackElo "2193"]
[WhiteFideId "343410960"]
[BlackFideId "483540"]
[EventDate "2025.07.18"]

1. d4 Nf6 2. c4 g6 3. Nc3 Bg7 4. e4 d6 5. Nf3 O-O 6. Be2 Nbd7 7. O-O e5 8. Be3
Qe7 9. d5 Nc5 10. Nd2 a5 11. b3 Ne8 12. a3 f5 13. f3 f4 14. Bf2 g5 15. b4 Nd7
16. Rc1 h5 17. c5 Ndf6 18. Nb5 g4 19. cxd6 cxd6 20. Nc4 gxf3 21. Bxf3 Bd7 22.
Nc3 axb4 23. axb4 Ng4 24. Nb6 Ra3 25. Qe2 Nxf2 26. Rxf2 Nf6 27. Nb5 Re3 28. Qc4
Bxb5 29. Qxb5 Nxe4 30. Rfc2 Ng5 31. Bxh5 f3 32. Bxf3 Nxf3+ 33. gxf3 Rexf3 34.
Rg2 Qh4 35. Kh1 Rf2 36. Qc4 R2f4 37. Qd3 e4 38. Qd4 Rf1+ 39. Rg1 Qg4 40. Qe3
Rxc1 41. Rxc1 Kh7 42. Qg3 Qxg3 43. hxg3 Bd4 44. Rc7+ Kg6 45. Nc4 e3 46. Re7 Rf1+
47. Kg2 Rf2+ 48. Kh3 e2 49. Kg4 Bc3 50. Re6+ Kg7 51. Nxd6 e1=Q 52. Ne8+ Kf8 0-1